MARC details
| 000 -CABECERA |
| campo de control de longitud fija |
02739nam a2200421Ia 4500 |
| 001 - NÚMERO DE CONTROL |
| campo de control |
dia_3147 |
| 003 - IDENTIFICADOR DEL NÚMERO DE CONTROL |
| campo de control |
CHAP |
| 005 - FECHA Y HORA DE LA ÚLTIMA TRANSACCIÓN |
| campo de control |
20250625182547.0 |
| 007 - CAMPO FIJO DE DESCRIPCIÓN FÍSICA--INFORMACIÓN GENERAL |
| campo de control de longitud fija |
ta |
| 008 - DATOS DE LONGITUD FIJA--INFORMACIÓN GENERAL |
| campo de control de longitud fija |
220117s2004 mx ado fr 001 0 spa d |
| 010 ## - NÚMERO DE CONTROL DE LA BIBLIOTECA DEL CONGRESO |
| Número de control de LC |
173645 |
| 020 ## - NÚMERO INTERNACIONAL ESTÁNDAR DEL LIBRO |
| Número Internacional Estándar del Libro |
968-24-6999-6 |
| 040 ## - FUENTE DE LA CATALOGACIÓN |
| Centro/agencia transcriptor |
CHAP |
| Centro catalogador/agencia de origen |
mxchpua |
| Normas de descripción |
rda |
| 041 ## - CÓDIGO DE LENGUA |
| Código de lengua del texto/banda sonora o título independiente |
spa |
| Código de lengua del sumario o resumen |
spa |
| Código de lengua de la tabla de contenido |
spa |
| Código de lengua original |
spa |
| 050 1# - SIGNATURA TOPOGRÁFICA DE LA BIBLIOTECA DEL CONGRESO |
| Número de clasificación |
SF271 |
| Número de documento/Ítem |
.V55 2004 |
| 082 ## - NÚMERO DE LA CLASIFICACIÓN DECIMAL DEWEY |
| Número de edición |
20 |
| Número de clasificación |
637.3 |
| Número de documento/Ítem |
V55 2004 |
| 100 1# - ENTRADA PRINCIPAL--NOMBRE DE PERSONA |
| Nombre de persona |
Villegas de Gante, Abraham |
| 9 (RLIN) |
119748 |
| 245 13 - MENCIÓN DE TÍTULO |
| Título |
Tecnología quesera / |
| Mención de responsabilidad, etc. |
Abraham Villegas de Gante |
| 250 ## - MENCIÓN DE EDICIÓN |
| Mención de edición |
1a edición |
| 264 ## - PRODUCCIÓN, PUBLICACIÓN, DISTRIBUCIÓN, FABRICACIÓN Y COPYRIGHT |
| Producción, publicación, distribución, fabricación y copyright |
México : |
| Nombre del de productor, editor, distribuidor, fabricante |
Trillas, |
| Fecha de producción, publicación, distribución, fabricación o copyright |
2004 |
| 300 ## - DESCRIPCIÓN FÍSICA |
| Extensión |
398 páginas : |
| Otras características físicas |
ilustraciones, gráficas, diagramas, tablas, fotos |
| 336 ## - TIPO DE CONTENIDO |
| Fuente |
rdacontent |
| Término de tipo de contenido |
texto |
| Código de tipo de contenido |
txt |
| 337 ## - TIPO DE MEDIO |
| Fuente |
rdamedia |
| Nombre/término del tipo de medio |
no mediado |
| Código del tipo de medio |
n |
| 338 ## - TIPO DE SOPORTE |
| Fuente |
rdacarrier |
| Nombre/término del tipo de soporte |
volumen |
| Código del tipo de soporte |
nc |
| 504 ## - NOTA DE BIBLIOGRAFÍA, ETC. |
| Nota de bibliografía, etc. |
Bibliografía: p. 376-377 |
| 505 0# - NOTA DE CONTENIDO CON FORMATO |
| Nota de contenido con formato |
1. La agroindustria quesera en México --<br/>2. La leche: composición, estructura y naturaleza --<br/>3. Microbiología de la leche para quesería --<br/>4. Calidad de la leche para quesería --<br/>5. Higienización de la leche para quesería --<br/>6. Cultivos lácticos --<br/>7. Clasificación, composición y rendimiento de los quesos --<br/>8. Principios de cuajado de la leche --<br/>9. Los pasos principales para elaborar un queso --<br/>10. Maduración del queso --<br/>11. Los quesos mexicanos --<br/>12. Quesos geniunos y de imitación --<br/>13. Fichas técnicas --<br/>Anexo --<br/>Glosario--<br/>Bibliografía --<br/>Índice |
| 520 2# - SUMARIO, ETC. |
| Sumario, etc. |
La elaboración de quesos es sin duda un trabajo arduo en el que intervienen los conocimientos teóricos y la experiencia práctica, para lograr la máxima calidad de este producto.En esta obra el lector encontrará desde las bases científicas hasta la tecnología para la producción tanto de quesos genuinos como de imitación, conocidos y apreciados en todo el mundo, con orientación a los quesos mexicanos.El autor expone los rasgos esenciales de la tecnología quesera y de la agroindustria que los fabrica, de acuerdo con una concepción de cadena productiva.Tecnología quesera está dirigido a estudiantes de la materia de tecnología de alimentos y afines, académicos, profesionales, comerciantes e industriales interesados en la transformación de la leche, así como a los que participan en el proceso y manejo de este exquisito y gustado alimento. |
| 650 13 - PUNTO DE ACCESO ADICIONAL DE MATERIA--TÉRMINO DE MATERIA |
| Término de materia o nombre geográfico como elemento de entrada |
Queso |
| Subdivisión geográfica |
México |
| 9 (RLIN) |
154107 |
| Fuente del encabezamiento o término |
atg |
| 650 13 - PUNTO DE ACCESO ADICIONAL DE MATERIA--TÉRMINO DE MATERIA |
| Término de materia o nombre geográfico como elemento de entrada |
Elaboración de queso |
| 9 (RLIN) |
154164 |
| Fuente del encabezamiento o término |
atg |
| 650 13 - PUNTO DE ACCESO ADICIONAL DE MATERIA--TÉRMINO DE MATERIA |
| Término de materia o nombre geográfico como elemento de entrada |
Industria del queso |
| 9 (RLIN) |
153493 |
| Fuente del encabezamiento o término |
atg |
| 650 13 - PUNTO DE ACCESO ADICIONAL DE MATERIA--TÉRMINO DE MATERIA |
| Término de materia o nombre geográfico como elemento de entrada |
Cheese |
| Subdivisión geográfica |
Mexico |
| 9 (RLIN) |
154163 |
| Fuente del encabezamiento o término |
atg |
| 650 13 - PUNTO DE ACCESO ADICIONAL DE MATERIA--TÉRMINO DE MATERIA |
| Término de materia o nombre geográfico como elemento de entrada |
Cheese industry |
| 9 (RLIN) |
154162 |
| Fuente del encabezamiento o término |
atg |
| 650 13 - PUNTO DE ACCESO ADICIONAL DE MATERIA--TÉRMINO DE MATERIA |
| Término de materia o nombre geográfico como elemento de entrada |
Cheesemaking |
| 9 (RLIN) |
146964 |
| Fuente del encabezamiento o término |
atg |
| 942 ## - ELEMENTOS DE PUNTO DE ACCESO ADICIONAL (KOHA) |
| Tipo de ítem Koha |
Libro |
| Fuente del sistema de clasificación o colocación |
Dewey Decimal Classification |
| 901 ## - ELEMENTOS DE DATOS A LOCAL LDA (RLIN) |
| a |
637.3 V55 2004 |
| 902 ## - ELEMENTOS DE DATOS B LOCAL, LDB (RLIN) |
| a |
M |
| 905 ## - ELEMENTOS DE DATOS E LOCAL, LDE (RLIN) |
| a |
5232272004 MX aimn8222223322SPA16 |